000 01373cad a22002535a 4500
001 E147576
008 090526s2009 xxk f f000 0 eng d
020 _a9781409814634
035 _a(Sirsi) u147576
041 0 _aeng
110 2 _aUnited Kingdom
_bDepartment for Communities and Local Government
_94939
245 0 0 _aTolerated trespassers
_bguidance for social landlords
_h[electronic resource]
260 _aLondon
_bDCLG
_c2009
505 2 _aIntroduction -- Background -- The Housing and Regeneration Act, schedule 11, Part 1 -- The Housing and Regeneration Act, schedule 11, Part 2 -- Successor landlord order -- Annexes
520 _aOffers guidance to social landlords in the implementation of the Housing and Regeneration Act 2008 S299 and schedule 11, which relate to tolerated trespassers, and the Housing (Replacement of Terminated Tenancies) (Successor Landlords) (England) Order 2009.
521 _aAdvanced
590 _aKA NTK
650 2 4 _aHOUSING AND REGENERATION ACT 2008
650 2 4 _aHOUSING (REPLACEMENT OF TERMINATED TENANCIES) (SUCCESSOR LANDLORDS) (ENGLAND) ORDER 2009
651 4 _aEngland
_y886-
690 _aPROPERTY-RESIDENTIAL PROPERTY-RESIDENTIAL LANDLORD AND TENANT
856 4 0 _uhttps://www.communities.gov.uk/publications/housing/toleratedtrespass
_zView the guidance free of charge at www.communities.gov.uk...
942 _n0
999 _c109628
_d109628